| 000 | 00886nam a22002175i 4500 | ||
|---|---|---|---|
| 001 | 161243 | ||
| 003 | ES-MaACL | ||
| 005 | 20231226140146.0 | ||
| 008 | 991201s1859 sp |||| | spa d | ||
| 040 |
_aCCPB | B _bspa _cCCPB | B |
||
| 100 | 1 |
_aPagniucci Zumel, José. _9130772 |
|
| 245 | 1 | 0 | _aDiscursos leídos ante la Real Academia de Bellas Artes de San Fernando en la recepción pública de D. Jose Pagniucci Zumel. |
| 260 |
_aMadrid : _b[s.n.], _c1859 ( _fImprenta del Colegio de sordo-mudos y de ciegos) |
||
| 300 |
_a40 p. ; _c24 cm. |
||
| 505 | 8 | _aContestacion por ... Antonio Gil de Zarate | |
| 700 | 1 | 1 |
_aGil y Zárate, Antonio, _d1793-1861 _956804 |
| 710 | 2 |
_aReal Academia de Bellas Artes de San Fernando. _96291 |
|
| 752 |
_aEspaña - _dMadrid |
||
| 852 |
_aES-MaACL _jF-M-III-N (I) _z-- Enc. pasta española _z-- Enc. en un vol. facticio |
||
| 999 |
_c161243 _d161243 |
||